00811 a2200169 45000010006000000050017000060080041000230030015000640400040000790800099001192450037002182500010002552640047002653000019003125050287003311000023006182977020260407155608.0260407a1950 arg spa dAR-UNSa-BCEJYS aAR-UNSa-BCEJYSbspacAR-UNSa-BCEJYS a657.36xBalances de comprobación (balance estimativo). Balances de saldo. Balance intermedio10aEl balance mensual de resultados a5a.ed 1aBuenos Aires :bSelección Contablec1950 a155 p.c20 cm. a1. Fundamentos - 2. La cuenta mercaderias - 3. El sistema del inventario permanente - 4. Aplicación del sistema de la permanencia de inventario - 5. Operaciones de balance - 6. Control de cuentas - 7. Ajustes - 8. El Balance - 9. Estado de pérdidas y ganancias - 10. Análisis.1 aCholvis, Francisco